• 首页
  • 本馆介绍
  • 公告通知
  • 最新文献
  • 馆藏检索
  • 电子资源
  • 读者导购
  • 参考咨询
  • 我的图书馆
  • 登录
  • 详细信息显示
  • 放入我的书架
  • 预约/预借图书
  • 作者相关作品
  • 分类相关作品
  • 丛书相关作品
  • 出版社相关作品

书目信息

  • 表格格式
  • 工作单格式
  • 卡片格式
题名:
屈原
    
 
作者: 游国恩 著
分册:  
出版信息: 北京   中华书局  1980.5
页数: 96页
开本: 20cm
丛书名:
单 册:
中图分类: K206.2
科图分类:
主题词: 中国--通史
电子资源:
ISBN:
000 00509nam0 2200205 45
001 0312221749
005 20060414094213.85
010    @dCNY0.30
091    @a10018.348
100    @a20031222d1980 km y0chiy0120 ea
101    @achi
200 1  @a屈原@AQu Yuan@f游国恩著@FYou Guo En Zhu
210    @a北京@c中华书局@d1980.5
215    @a96页@d20cm
300    @a中国文学史知识读物
606 0  @a中国@x通史
690    @aK206.2@v3
701 0  @a游国恩@4著
801    @aCN@bTSTCL@c20060414
905    @a213230@dK206.2@e9
    
    屈原/游国恩著.-北京:中华书局,1980.5
    96页;20cm
    中国文学史知识读物
    
    ISBN :CNY0.30
    
●
相关链接 在E读中查询图书 在五车中查询图书 在当当中查询图书 在豆瓣中查询图书


正题名:屈原     索取号:K206.2/9         预约/预借

序号 登录号 条形码 馆藏地/架位号 状态 备注
1 0067581   202197782   密集书库/ [索取号:K206.2/9] 在馆    
2 0067582   202258733   密集书库/ [索取号:K206.2/9] 在馆    
3 0067583   202258779   密集书库/ [索取号:K206.2/9] 在馆    
4 0067584   202113676   第二样本阅览室/ [索取号:K206.2/9] 在馆    
5 0067585   202197924   密集书库/ [索取号:K206.2/9] 在馆    
唐山师范学院图书馆 欢迎您!
大连网信软件有限公司© 版权所有